Historia natural y moral de las Indias : (Record no. 3977)

MARC details
000 -LEADER
campo de control de longitud fija 01030cam a22002777a 4500
001 - NÚMERO DE CONTROL
campo de control 31571
005 - FECHA Y HORA DE LA ÚLTIMA TRANSACCIÓN
campo de control 20230404125743.0
008 - DATOS DE LONGITUD FIJA--INFORMACIÓN GENERAL
campo de control de longitud fija 860402s1962 mx 000 0 spa
035 ## - NÚMERO DE CONTROL DEL SISTEMA
-- (DLC) 85845718
035 ## - NÚMERO DE CONTROL DEL SISTEMA
Número de control de sistema 512426
010 ## - NÚMERO DE CONTROL DE LA BIBLIOTECA DEL CONGRESO
Número de control de LC 85845718
040 ## - FUENTE DE CATALOGACIÓN
Centro catalogador/agencia de origen DLC
Centro/agencia transcriptor DLC
Centro/agencia modificador DLC
050 14 - SIGNATURA TOPOGRÁFICA DE LA BIBLIOTECA DEL CONGRESO
Número de clasificación 000 E 141
Número de ítem A185h 1962
100 1# - ENTRADA PRINCIPAL--NOMBRE DE PERSONA
Nombre de persona Acosta, José de,
Fechas asociadas al nombre 1540-1600.
245 10 - MENCIÓN DEL TÍTULO
Título Historia natural y moral de las Indias :
Resto del título en que se tratan las cosas notables del cielo, y elementos, metales, plantas y animales dellas, y los ritos, y ceremonias, leyes y gobierno y guerras de los indios /
Mención de responsabilidad, etc. compuesto por Joseph de Acosta.
260 ## - PUBLICACIÓN, DISTRIBUCIÓN, ETC.
Lugar de publicación, distribución, etc. México :
Nombre del editor, distribuidor, etc. Fondo de Cultura Económica,
Fecha de publicación, distribución, etc. 1962.
300 ## - DESCRIPCIÓN FÍSICA
Extensión xcv, 444 p. ;
Dimensiones 23 cm.
651 #0 - PUNTO DE ACCESO ADICIONAL DE MATERIA--NOMBRE GEOGRÁFICO
Nombre geográfico America
Subdivisión de forma Early accounts to 1600.
651 #0 - PUNTO DE ACCESO ADICIONAL DE MATERIA--NOMBRE GEOGRÁFICO
Nombre geográfico Natural history
Subdivisión geográfica Latin America.
650 #0 - PUNTO DE ACCESO ADICIONAL DE MATERIA--TÉRMINO DE MATERIA
Término de materia o nombre geográfico como elemento de entrada Indians of South America
Subdivisión geográfica Peru.
650 #0 - PUNTO DE ACCESO ADICIONAL DE MATERIA--TÉRMINO DE MATERIA
Término de materia o nombre geográfico como elemento de entrada Indians of Mexico.
650 #4 - PUNTO DE ACCESO ADICIONAL DE MATERIA--TÉRMINO DE MATERIA
Término de materia o nombre geográfico como elemento de entrada Indios de México
650 #4 - PUNTO DE ACCESO ADICIONAL DE MATERIA--TÉRMINO DE MATERIA
Término de materia o nombre geográfico como elemento de entrada Historia natural
Subdivisión geográfica Hispanoamérica
650 #4 - PUNTO DE ACCESO ADICIONAL DE MATERIA--TÉRMINO DE MATERIA
Término de materia o nombre geográfico como elemento de entrada Indios de Perú
942 ## - ELEMENTOS DE ENTRADA SECUNDARIOS (KOHA)
Fuente del sistema de clasificación o colocación Clasificación de Library of Congress
Tipo de ítem Koha
Holdings
Estatus retirado Estado de pérdida Fuente del sistema de clasificación o colocación Estado de daño No para préstamo Colección Biblioteca de origen Biblioteca actual Ubicación en estantería Fecha de adquisición Serial enumeration / chronology Total checkouts Signatura topográfica completa Código de barras Visto por última vez Copia número Precio de reemplazo Tipo de ítem Koha
    Clasificación de Library of Congress     Recursos Regionales Biblioteca Juan Bosch Biblioteca Juan Bosch Recursos Regionales (2do. Piso) 04/04/2023 1   000 E 141 A185h 1962 00000032376 23/10/2018 1 23/10/2018